El materialismo dialéctico

Uloženo v:
Podrobná bibliografie
Hlavní autor: Bochénski, Innocentius M (Autor)
Médium: Kniha
Jazyk:španělština
Vydáno: Madrid Rialp 1966
Vydání:3a. ed
Edice:Biblioteca del Pensamiento Actual, 86
Témata:
Tagy: Přidat tag
Žádné tagy, Buďte první, kdo vytvoří štítek k tomuto záznamu!

MARC

LEADER 00000nam a2200000 a 4500
001 UCS6624
003 CL-VaPUC
008 970926e19660000SP |||||||||||||||||spa|d
082 0 4 |a 146.32  |b BOC  |2 21 
100 |a Bochénski, Innocentius M  |e author  |9 304812 
245 1 3 |a El materialismo dialéctico 
250 |a 3a. ed 
300 |a 309 p 
942 |c BK 
945 |d 19970926 00:00:00  |a lriquelm 
260 |a Madrid  |b Rialp  |c 1966 
650 0 |a Materialismo  |9 265687 
650 7 |a MARXISMO  |2 CL-VaPUC  |9 391973 
650 0 |a Ideologías  |9 255200 
650 7 |a FILOSOFIA POLITICA  |2 CL-VaPUC  |9 391974 
650 0 |a Comunismo  |9 255588 
583 |a last modification  |c 19970926 00:00:00  |k Rodrigo Vera 
490 0 |a Biblioteca del Pensamiento Actual, 86 
999 |c 262269  |d 262267 
952 |0 0  |1 0  |4 0  |6 146_320000000000000_BOC_1966  |7 0  |8 DER_TF  |9 290539  |a BIBDER  |b BIBDER  |d 2019-11-19  |i 1885464  |l 1  |o 146.32 BOC 1966  |p 1885464  |r 2020-03-27  |s 2020-03-17  |w 2019-11-19  |x Ubicación 4to Piso  |y BK  |z Estos recursos deben solicitarse con anticipación  |k DER